[Event "CRO-chT2"]
[Site "Opatija"]
[Date "1995.??.??"]
[Round "?"]
[White "Biliskov, Vjekoslav"]
[Black "Bilic, Mario"]
[Result "1-0"]
[WhiteElo "2320"]
[BlackElo "2295"]

1.d4 Nf6 2.Nf3 g6 3.c4 Bg7 4.g3 O-O 5.Bg2 d6 6.O-O Nbd7 7.Nc3 c6 8.e4 e5
9.h3 Re8 10.Re1 a5 11.b3 h6 12.Rb1 exd4 13.Nxd4 Nc5 14.Kh2 Re5 15.f3 Rh5
16.Be3 Nh7 17.g4 Rh4 18.Bf2 Be5+ 19.Kg1 Ne6 20.Nxe6 Bxe6 21.Ne2 h5 22.f4 hxg4
23.Bxh4 Qxh4 24.fxe5 gxh3 25.Bf3 Ng5 26.Rf1 Bg4 27.Qd3 h2+ 28.Kh1 Qh3 29.Nd4 dxe5
30.Qe2 Bc8 31.Bg2 Qg3 32.Nf3 Kg7 33.Nxg5 Qxg5 34.Qf2 Be6 35.Rbd1 Rh8 36.Rd6 Qe7
37.c5 Rh5 38.Qe3 Rg5 39.Rxe6 fxe6 40.Qc3 Rh5 41.Qxa5 Rh4 42.Qd2 Qxc5 43.Qd7+ Kh6
44.Qxe6 Qc3 45.Qf6 Qg3 46.Qh8+ Kg5 47.Qg7 c5 48.Rf5+  1-0

[Event "Orel"]
[Site "Orel"]
[Date "1995.??.??"]
[Round "5"]
[White "Mochalov, Evgeny V"]
[Black "Gurevich, Vladimir"]
[Result "0-1"]
[WhiteElo "2455"]
[BlackElo "2445"]

1.d4 Nf6 2.c4 g6 3.Nf3 Bg7 4.g3 O-O 5.Bg2 d6 6.O-O Nbd7 7.Qc2 e5 8.Rd1 Qe7
9.Nc3 c6 10.b3 Re8 11.e4 exd4 12.Nxd4 Nc5 13.f3 a5 14.Be3 Nfd7 15.Bf2 Ne5
16.Rab1 h5 17.h3 Kh7 18.f4 Ned7 19.Rd2 Kg8 20.Re1 Nb6 21.Red1 Nbd7 22.Kh1 Nf6
23.Re1 Qc7 24.Ndb5 cxb5 25.Nxb5 Qe7 26.Nxd6 Ne6 27.f5 Rd8 28.fxe6 Bxe6 29.Nf5 gxf5
30.exf5 Rxd2 31.Qxd2 Qd7 32.Qxd7 Bxd7 33.Bxb7 Rb8 34.Bg2 a4 35.Ba7 Rc8 36.c5 axb3
37.axb3 Bxf5 38.b4 Bd7 39.Bb6 Bb5 40.Bb7 Rb8 41.Bf3 Rc8 42.Rd1 Nd7 43.Ba5 Ne5
44.Bxh5 f5 45.Kh2 Nc6 46.Bb6 Ra8 47.h4 Be5 48.Bf3 Ra3 49.Bd5+ Kg7 50.Rg1 Nxb4
51.Bh1 Nc6 52.Bd5 Kh6 53.Bf7 Nd4 54.Bd5 Ne2 55.Rb1 Rxg3 56.Kh1 Rh3+ 57.Kg2 Rh2+
58.Kf1 Nc3+ 59.Rxb5 Nxb5 60.Bd8 Kg7 61.Bg2 Bf6 62.Bb6 Rxh4 63.c6 Be5  0-1

[Event "HUN-ch U16"]
[Site "Paks"]
[Date "1995.??.??"]
[Round "?"]
[White "Soponyai, Tamas"]
[Black "Kerek, Krisztian"]
[Result "0-1"]
[WhiteElo "2110"]
[BlackElo "2220"]

1.d4 Nf6 2.c4 g6 3.Nf3 Bg7 4.g3 O-O 5.Bg2 d6 6.O-O Nbd7 7.d5 Nb6 8.Na3 e6
9.dxe6 Bxe6 10.Nd4 Qc8 11.Nxe6 Qxe6 12.Qc2 c6 13.Rb1 Rfe8 14.e3 Ne4 15.b4 d5
16.c5 Nd7 17.Bb2 Bxb2 18.Qxb2 a5 19.Nc2 axb4 20.Nd4 Qe7 21.Bxe4 dxe4 22.Qxb4 Nxc5
23.a3 Ra4 24.Qb2 Rea8 25.Nc2 b5 26.Ra1 Nd3 27.Qb3 b4 28.axb4 Rxa1 29.Rxa1 Rxa1+
30.Nxa1 Qf6 31.Qa2 Nxb4 32.Qa5 Kg7 33.Nb3 Qc3 34.Qa4 Nd3 35.Qd4+ Qxd4 36.exd4 f5
37.Kf1 Kf7 38.Ke2 Ke6 39.f3 Kd5 40.Ke3 Nb4 41.fxe4+ fxe4 42.Nd2 Nc2+ 43.Kf4 e3
44.Nf3 e2  0-1

[Event "HUN-ch U20"]
[Site "Paks"]
[Date "1995.??.??"]
[Round "?"]
[White "Juhasz, Laszlo"]
[Black "Boros, Daniel"]
[Result "0-1"]
[WhiteElo "2135"]
[BlackElo "2285"]

1.d4 Nf6 2.c4 g6 3.g3 Bg7 4.Bg2 O-O 5.Nf3 d6 6.O-O a6 7.Nc3 Nc6 8.d5 Na5
9.Qd3 c5 10.Rb1 b5 11.cxb5 c4 12.Qd1 axb5 13.Nxb5 Bf5 14.Ra1 Nb3 15.axb3 Rxa1
16.bxc4 Qc8 17.b3 Ng4 18.Qd2 Qc5 19.Nfd4 Bd7 20.e3 Rfa8 21.Nc3 Qb6 22.h3 Nf6
23.Qb2 R1a7 24.Qc2 Ne8 25.Rd1 Nc7 26.Nc6 Bxc6 27.dxc6 Rb8 28.Nd5 Qxb3 29.Qxb3 Rxb3
30.Nxc7 Rxc7 31.Bd2 Bc3 32.Bxc3 Rxc3 33.Bd5 Kf8 34.Rb1 e6 35.Rb7 Rxb7 36.cxb7 Rb3
37.c5 Rb1+ 38.Kg2 dxc5  0-1

[Event "Pardubice op"]
[Site "Pardubice"]
[Date "1995.??.??"]
[Round "?"]
[White "Bagaturov, Giorgi"]
[Black "Bobrowska, Monika"]
[Result "1-0"]
[WhiteElo "2465"]
[BlackElo "2310"]

1.d4 Nf6 2.Nf3 g6 3.g3 Bg7 4.Bg2 O-O 5.c4 d6 6.Nc3 c6 7.O-O Bf5 8.Ne1 Na6
9.e4 Bg4 10.f3 Bd7 11.Be3 b5 12.cxb5 cxb5 13.Qe2 Qa5 14.a3 Rfc8 15.Nd3 Qb6
16.e5 Ne8 17.f4 Rab8 18.g4 Qd8 19.f5 b4 20.axb4 Nxb4 21.Nxb4 Rxb4 22.e6 fxe6
23.fxg6 hxg6 24.Qf2 Kh7 25.Qf7 e5 26.Be4 Nf6 27.Qxg6+ Kg8 28.Rxf6 exf6 29.Bd5+  1-0

[Event "Pardubice op"]
[Site "Pardubice"]
[Date "1995.??.??"]
[Round "?"]
[White "Bagaturov, Giorgi"]
[Black "Dumitrescu, Dragos"]
[Result "1/2-1/2"]
[WhiteElo "2465"]
[BlackElo "2375"]

1.d4 Nf6 2.c4 g6 3.Nf3 Bg7 4.g3 O-O 5.Bg2 d6 6.Nc3 Nc6 7.O-O a6 8.b3 Rb8
9.Nd5 Ne4 10.Bb2 e6 11.Nf4 Ng5 12.Nd2 f5 13.e3 Ne7 14.Nd3 b5 15.f4 Nf7 16.Rc1 Bb7
17.Bxb7 Rxb7 18.Qf3 Qa8 19.d5 Bxb2 20.Nxb2 exd5 21.cxd5 Ra7 22.e4 fxe4 23.Nxe4 Nxd5
24.Nd3 Ne5 25.Qe2 Nxd3 26.Qxd3 Nf6 27.Nxf6+ Rxf6 28.Qd4 Re6 29.f5 Re2 30.Rf2 Rxf2
31.Qxf2 c5 32.fxg6 hxg6 33.Qf6 Qe8 34.Qxd6 Qe3+ 35.Kg2 Qxc1 36.Qb8+ Kg7 37.Qxa7+ Kh6
38.Qxa6 Qc2+ 39.Kf3 Qd3+ 40.Kf2 Qd4+ 41.Ke2 Qe4+ 42.Kf2 Qd4+ 43.Ke2 Qe5+
44.Kf2 Qd4+  1/2-1/2

[Event "Pardubice op"]
[Site "Pardubice"]
[Date "1995.??.??"]
[Round "?"]
[White "Greenfeld, Alon"]
[Black "Zhelnin, Vladimir V"]
[Result "1/2-1/2"]
[WhiteElo "2570"]
[BlackElo "2440"]

1.d4 Nf6 2.Nf3 g6 3.c4 Bg7 4.g3 O-O 5.Bg2 d6 6.O-O c6 7.Nc3 Nbd7 8.e4 e5
9.h3 Ne8 10.d5 c5 11.Ne1 a6 12.Nd3 f5 13.exf5 gxf5 14.a4 Rb8 15.Bd2 b6 16.f4 Nc7
17.fxe5 Nxe5 18.Nxe5 Bxe5 19.Bf4 Bg7 20.Qe2 Re8 21.Qh5 Qf6 22.Bg5 Qg6 23.Qh4 Kh8
24.Bf3 Rg8  1/2-1/2

[Event "Paris op"]
[Site "Paris"]
[Date "1995.??.??"]
[Round "?"]
[White "Horvath, Jozsef"]
[Black "Nataf, Igor Alexandre"]
[Result "1-0"]
[WhiteElo "2515"]
[BlackElo "2340"]

1.d4 Nf6 2.Nf3 g6 3.c4 Bg7 4.g3 O-O 5.Bg2 d6 6.Nc3 Nc6 7.d5 Na5 8.Nd2 c5
9.O-O a6 10.Qc2 Rb8 11.b3 b5 12.Bb2 bxc4 13.bxc4 Bh6 14.Ncb1 Bd7 15.Bc3 Qc7
16.Na3 Rb4 17.Nb3 Ba4 18.Rab1 Nd7 19.Qe4 Bxb3 20.axb3 Nxb3 21.Qxe7 Nd2 22.Rxb4 cxb4
23.Bxb4 Nxf1 24.Bxf1 Rd8 25.Bxd6 Qc8 26.Qh4 Bf8 27.Bxf8 Rxf8 28.Bh3 f5 29.Nc2 Ne5
30.Ne3 Qc5 31.Qf4 Nd7 32.g4 Rf7 33.gxf5 g5 34.Qf3 Nf6 35.Ng4 Nxg4 36.Qxg4 a5
37.Kf1 h6 38.Qh5 Rf6 39.Qe8+ Kg7 40.Bg4 Qxc4 41.Qe7+ Rf7 42.f6+ Kg6 43.Bh5+ Kxh5
44.Qxf7+ Kh4 45.Qe6  1-0

[Event "Paris op"]
[Site "Paris"]
[Date "1995.??.??"]
[Round "?"]
[White "Horvath, Jozsef"]
[Black "Apicella, Manuel"]
[Result "1/2-1/2"]
[WhiteElo "2515"]
[BlackElo "2505"]

1.d4 Nf6 2.Nf3 g6 3.c4 Bg7 4.g3 O-O 5.Bg2 d6 6.O-O Nbd7 7.Nc3 e5 8.e4 c6
9.Rb1 a5 10.h3 exd4 11.Nxd4 Re8 12.Re1 a4 13.Nxa4 Nb6 14.Nxb6 Qxb6 15.Be3 Qb4
16.Qd3 Rxa2 17.Nc2 Qa5 18.Qxd6 Be6 19.Bd4 Rd8 20.Qb4 Qxb4 21.Nxb4 Ra4 22.Bc3 Ne8
23.Red1 Rxd1+ 24.Rxd1 Bxc3 25.bxc3 Kf8 26.Rd8  1/2-1/2

[Event "WchT U26"]
[Site "Parnaiba"]
[Date "1995.??.??"]
[Round "?"]
[White "Manninen, Marko"]
[Black "Weiss, Christian"]
[Result "1-0"]
[WhiteElo "2365"]
[BlackElo "2250"]

1.d4 g6 2.Nf3 Bg7 3.g3 d6 4.Bg2 Nf6 5.c4 O-O 6.O-O c6 7.Nc3 Nbd7 8.e4 Qc7
9.h3 e5 10.Be3 Re8 11.Qc2 a6 12.Rad1 b5 13.c5 dxc5 14.dxe5 Nxe5 15.Nxe5 Qxe5
16.Bf4 Qh5 17.e5 Nd5 18.Nxd5 cxd5 19.Rxd5 Bxh3 20.e6 f5 21.Rxc5 g5 22.Be3 Bxg2
23.Kxg2 Rxe6 24.Qxf5 Qg6 25.Qxg6 Rxg6 26.b3 h6 27.Rd1 Rf6 28.Rd7 Raf8 29.Kh3 R8f7
30.Rcc7 Rxd7 31.Rxd7 Rf7 32.Rd6 Rf6 33.Rxf6 Bxf6 34.Kg4 Kg7 35.Kf5 Kf7 36.g4 Bg7
37.Bc5 a5 38.a4 bxa4 39.bxa4 Bc3 40.f3 Be1 41.Bb6 Bd2 42.Ke4 Kg6 43.Kd3 Bb4
44.Kc4 h5 45.gxh5+ Kxh5 46.Kb5 Kh4 47.Bxa5 Bxa5 48.Kxa5 Kg3 49.Kb4  1-0

[Event "World op"]
[Site "Philadelphia"]
[Date "1995.??.??"]
[Round "5"]
[White "Hulse, Brian"]
[Black "Brooks, Michael A"]
[Result "0-1"]
[WhiteElo "2250"]
[BlackElo "2505"]

1.d4 Nf6 2.Nf3 g6 3.c4 Bg7 4.g3 O-O 5.Bg2 d6 6.Nc3 Nbd7 7.O-O e5 8.d5 a5
9.e4 Nc5 10.Ne1 Bg4 11.f3 Bd7 12.Nd3 Nxd3 13.Qxd3 Nh5 14.Bd2 f5 15.Ne2 Qe7
16.b3 b6 17.a3 f4 18.g4 Nf6 19.h3 g5 20.Nc3 h5 21.Qe2 Rf7 22.Nd1 Bf8 23.Nf2 Rh7
24.Nd3 Qg7 25.Kf2 Be7 26.Ke1 hxg4 27.hxg4 Rh4 28.Nf2 Rh2 29.Rg1 Qh7 30.Kd1 Rf8
31.Rh1 Rxh1+ 32.Bxh1 Qh2 33.Qf1 Kg7 34.Qg2 Qg3 35.Ke2 Rh8 36.Rg1 Qh4 37.Nd3 Qh7
38.a4 Qg6 39.Nf2 Rh4 40.Qf1 Bc8 41.Bg2 Nd7 42.Nd3 Nf6 43.Nf2 c6 44.Qa1 cxd5
45.cxd5 Ba6+ 46.Ke1 Nd7 47.Bf1 Bxf1 48.Rxf1 Nc5 49.Qc3 Rh2 50.Qc4 Qh7  0-1

[Event "World op"]
[Site "Philadelphia"]
[Date "1995.??.??"]
[Round "9"]
[White "Hulse, Brian"]
[Black "Anderson, Renard"]
[Result "1/2-1/2"]
[WhiteElo "2235"]
[BlackElo "2310"]

1.d4 Nf6 2.Nf3 g6 3.c4 Bg7 4.g3 O-O 5.Bg2 d6 6.O-O Nbd7 7.Nc3 e5 8.d5 a5
9.e4 Nc5 10.Ne1 Nh5 11.Nd3 Nxd3 12.Qxd3 f5 13.exf5 gxf5 14.f4 e4 15.Qc2 Nf6
16.Nd1 c6 17.Ne3 cxd5 18.cxd5 Bd7 19.Bh3 Qb6 20.Rd1 h5 21.Qf2 Ne8 22.Nc4 Qb4
23.Bf1 Nf6 24.h3 Bb5 25.Bd2 Qc5 26.Be3 Qb4 27.Bd2 Qc5  1/2-1/2

[Event "Policka op"]
[Site "Policka"]
[Date "1995.??.??"]
[Round "4"]
[White "Bagaturov, Giorgi"]
[Black "Szczygiel, Agnieszka"]
[Result "1-0"]
[WhiteElo "2460"]
[BlackElo "2110"]

1.d4 Nf6 2.Nf3 g6 3.g3 Bg7 4.Bg2 d6 5.c4 O-O 6.Nc3 c6 7.O-O Bf5 8.d5 cxd5
9.Nd4 Bd7 10.cxd5 Na6 11.Rb1 Qa5 12.h3 Rfc8 13.e4 Rab8 14.Be3 b5 15.Nc6 Bxc6
16.dxc6 Nb4 17.f4 Nxc6 18.e5 Ne8 19.Bxc6 Rxc6 20.Qf3 Rc7 21.Rbd1 Qa6 22.Nd5 Rd7
23.Nb4 Qb7 24.Nc6 Ra8 25.g4 Rc7 26.Rc1 e6 27.f5 exf5 28.exd6 Rd7 29.Ne7+ Kf8
30.Nd5 Nxd6 31.Bc5 Qa6 32.Nc7  1-0

[Event "POR-ch"]
[Site "POR"]
[Date "1995.??.??"]
[Round "7"]
[White "Silva, Antonio"]
[Black "Damaso, Rui"]
[Result "0-1"]
[WhiteElo "2175"]
[BlackElo "2405"]

1.d4 Nf6 2.Nf3 g6 3.g3 Bg7 4.Bg2 O-O 5.c4 d6 6.O-O Nbd7 7.Nc3 e5 8.dxe5 dxe5
9.h3 c6 10.Be3 Qe7 11.Qc1 Nh5 12.Bh6 e4 13.Bxg7 Kxg7 14.Qe3 f5 15.g4 Nhf6
16.gxf5 gxf5 17.Nh2 Ne5 18.b3 Kh8 19.Kh1 Be6 20.Rg1 f4 21.Qd4 Bf5 22.Bxe4 Nxe4
23.Nxe4 Rad8 24.Qc3 Bxe4+ 25.f3 Bf5  0-1

[Event "Portoroz op"]
[Site "Portoroz"]
[Date "1995.??.??"]
[Round "?"]
[White "Burmakin, Vladimir"]
[Black "Sale, Srdjan"]
[Result "1-0"]
[WhiteElo "2555"]
[BlackElo "2390"]

1.d4 Nf6 2.Nf3 g6 3.c4 Bg7 4.g3 O-O 5.Bg2 d6 6.Nc3 c6 7.O-O Qa5 8.h3 e5 9.e4 Nbd7
10.Be3 exd4 11.Nxd4 Re8 12.Re1 Ne5 13.Qe2 Be6 14.Nxe6 Rxe6 15.Rad1 Rae8 16.a3 a6
17.c5 dxc5 18.f4 Ned7 19.Qf2 Nf8 20.Bxc5 N6d7 21.Bd4 Bxd4 22.Rxd4 R6e7 23.Red1 f6
24.Kh2 Qc7 25.Qc2 Qb6 26.Rd6 Qe3 27.Qb3+ Kh8 28.Qxb7 Rb8 29.Qxc6 Rxb2 30.Rxd7 Nxd7
31.Rxd7 Rxd7 32.Qc8+ Kg7 33.Qxd7+ Kh6 34.Qc8 Qa7 35.Nd5 Rb8 36.Qg4 Qd4 37.e5 fxe5
38.Qg5+ Kg7 39.Qe7+ Kh6 40.Nf6 exf4 41.Ng4+ Kh5 42.Qh4+  1-0

[Event "Women-Veterans"]
[Site "Prague"]
[Date "1995.??.??"]
[Round "1"]
[White "Portisch, Lajos"]
[Black "Cramling, Pia"]
[Result "0-1"]
[WhiteElo "2615"]
[BlackElo "2510"]

1.d4 Nf6 2.c4 g6 3.Nf3 Bg7 4.g3 O-O 5.Bg2 d6 6.Nc3 c6 7.O-O Qa5 8.h3 Be6
9.d5 cxd5 10.Nd4 dxc4 11.Nxe6 fxe6 12.Bxb7 Nbd7 13.Bxa8 Rxa8 14.Bd2 d5 15.Be1 Qa6
16.Rb1 Rc8 17.f3 Qc6 18.g4 Nb6 19.a4 a6 20.a5 Nbd7 21.Na4 Rb8 22.b3 Ne8 23.Qc2 Qb5
24.b4 Nd6 25.Bg3 Qc6 26.Rfd1 e5 27.Nc3 e6 28.Qa4 Nb5 29.Nxb5 Rxb5 30.Qc2 Bf8
31.h4 Bxb4 32.h5 Kf7 33.Kg2 Bf8 34.hxg6+ hxg6 35.Qa2 c3 36.Rxb5 Qxb5 37.Rb1 Qc6
38.Qc2 Bh6 39.Rh1 Kg7 40.Bh4 Be3 41.Be7 e4 42.fxe4 Qc4 43.Rd1 Bd2 44.Kf1 Qxe4
45.Qxe4 dxe4 46.Ba3 Ne5 47.Ra1 e3 48.Bc5 Nxg4 49.Rb1 Nf2 50.Bd4+ Kh6 51.Rb6 Ne4
52.Kg2 c2 53.Bb2 Nc3 54.Kf3 e5 55.Rxa6 e4+ 56.Kg4 Nxe2 57.Ra8 Bc3 58.Ba3 c1=Q
59.Bxc1 Nxc1  0-1

[Event "Prague Bohemians"]
[Site "Prague"]
[Date "1995.??.??"]
[Round "7"]
[White "Trichkov, Vasil"]
[Black "Znamenacek, Kvetoslav"]
[Result "1/2-1/2"]
[WhiteElo "2415"]
[BlackElo "2300"]

1.d4 Nf6 2.Nf3 g6 3.g3 Bg7 4.Bg2 O-O 5.c4 d6 6.O-O c5 7.Nc3 Nc6 8.h3 cxd4
9.Nxd4 Nxd4 10.Qxd4 Be6 11.Qh4 Rc8 12.b3 Rc5 13.Bf3 Qa5 14.Bd2 g5 15.Qd4 Bxh3
16.Rfc1 Qc7 17.Qd3 Bf5 18.e4 Bg6 19.Be3 Re5 20.Bd4 Nd7 21.Qd2 h6 22.Nd5 Qd8
23.Bxe5 Nxe5 24.Bg2 g4 25.Re1 Qd7 26.Rad1 b6 27.Nf4 Qc6 28.Qd5 Qxd5 29.exd5 Bf5
30.Re3 Rc8 31.Be4 Bd7 32.Nd3 f5 33.Bg2 Rf8 34.Rde1 h5 35.Nf4 h4 36.gxh4 Bh6
37.Rxe5 dxe5 38.Ng6 e4 39.Nxf8 Kxf8 40.b4 Bg7 41.c5 Bd4 42.c6 Bc8 43.Rd1 Be5
44.Bf1 Kg7 45.Rb1 Bc7 46.b5 f4 47.Rb4 Bf5 48.Ra4 Bb8 49.Rc4  1/2-1/2

[Event "CZE Moravia-ch"]
[Site "Prerov"]
[Date "1995.??.??"]
[Round "7"]
[White "Beil, Zdenek"]
[Black "Karlik, Vladimir"]
[Result "1-0"]
[WhiteElo "2315"]
[BlackElo "2240"]

1.d4 Nf6 2.Nf3 g6 3.c4 Bg7 4.g3 O-O 5.Bg2 d6 6.O-O Nbd7 7.Qc2 e5 8.Rd1 Qe7
9.e4 c6 10.h3 h6 11.Be3 Nh7 12.dxe5 dxe5 13.Qc1 Nhf6 14.Nc3 Kh7 15.c5 b6
16.cxb6 axb6 17.Qc2 b5 18.Nd2 Bb7 19.a3 Rfc8 20.b4 c5 21.Qb2 cxb4 22.axb4 Bf8
23.Rab1 Bc6 24.Nd5 Qe8 25.Ra1 Bxd5 26.exd5 Bd6 27.Ra5 Rab8 28.Ra7 Qf8 29.Ne4 Nxe4
30.Rxd7 Nc3 31.Rd3 Bxb4 32.d6 Rc4 33.Bd5 Nxd5 34.Rxd5 Bc3 35.Qb3 Qe8 36.Rxb5 Rxb5
37.Qxb5 Rb4 38.Qc6 Qe6 39.Re7 Rb1+ 40.Kg2 Qb3 41.Qf3 Kg7 42.d7 Ba5 43.Kh2 Bc7
44.h4 h5 45.Bh6+ Kxh6 46.Qf6  1-0

[Event "CRO-Cup"]
[Site "Pula"]
[Date "1995.??.??"]
[Round "1"]
[White "Jukic, Mirko"]
[Black "Orak, Ljubomir"]
[Result "1/2-1/2"]
[WhiteElo "2480"]
[BlackElo "2285"]

1.d4 Nf6 2.Nf3 g6 3.c4 Bg7 4.g3 O-O 5.Bg2 d6 6.O-O Nbd7 7.Nc3 e5 8.e4 exd4
9.Nxd4 Re8 10.h3 Nc5 11.Re1 a5 12.Qc2 a4 13.Be3 Nfd7 14.Ndb5 Nb6 15.Rad1 Bd7
16.b3 axb3 17.axb3 Qc8 18.b4 Nca4 19.c5 dxc5 20.bxc5 Nxc3 21.Nxc3 Na4 22.Nd5 c6
23.Nf4 Nc3 24.Rd3 Nb5 25.Red1 Be6 26.Nxe6 Qxe6 27.Qb3 Qf6 28.Rd7 Re7 29.Rd8+ Re8
30.Rxa8 Rxa8 31.Rd7 h5 32.h4 Ra3 33.Qc4 Rc3 34.Qe2 Qe6 35.Rxb7 Nd4 36.Qd2 Qc4  1/2-1/2

[Event "CRO-Cup"]
[Site "Pula"]
[Date "1995.??.??"]
[Round "2"]
[White "Dizdar, Goran"]
[Black "Fercec, Nenad"]
[Result "1-0"]
[WhiteElo "2510"]
[BlackElo "2410"]

1.d4 Nf6 2.Nf3 g6 3.g3 Bg7 4.Bg2 O-O 5.c4 d6 6.O-O Nbd7 7.Nc3 e5 8.e4 c6
9.h3 Qe7 10.Bg5 h6 11.Be3 Ne8 12.Re1 f5 13.Qd2 Kh7 14.exf5 gxf5 15.Bf4 e4
16.Nh4 Ndf6 17.g4 d5 18.cxd5 cxd5 19.Nxf5 Bxf5 20.gxf5 Nd6 21.f3 Nc4 22.Qc2 Nh5
23.Nxd5 Bxd4+ 24.Kh1 Qc5 25.fxe4 Rg8 26.b4 Qf8 27.Qxc4 Bxa1 28.Rxa1 Rxg2
29.Be5 Rc8 30.Qb5 Rcc2 31.Qd7+ Ng7 32.f6 Rcd2 33.Rg1  1-0

[Event "Radviliskis op"]
[Site "Radviliskis"]
[Date "1995.??.??"]
[Round "6"]
[White "Butnorius, Algimantas"]
[Black "Piesina, Gintautas"]
[Result "0-1"]
[WhiteElo "2440"]
[BlackElo "2400"]

1.Nf3 g6 2.d4 Nf6 3.c4 Bg7 4.g3 O-O 5.Bg2 d6 6.O-O c6 7.Nc3 Qa5 8.h3 e5 9.e4 exd4
10.Nxd4 Qc5 11.Be3 Qxc4 12.Re1 Qb4 13.Nc2 Qa5 14.Qxd6 Rd8 15.Qc5 Qxc5 16.Bxc5 Na6
17.Be3 Ne8 18.Rad1 Be6 19.Bf1 Nec7 20.Nd4 Nb4 21.Nxe6 Nxe6 22.Rxd8+ Rxd8
23.Bxa7 Nxa2 24.Bb6 Rd2 25.Na4 Bd4 26.Bxd4 Nxd4 27.Ra1 Nb4 28.Nc5 b5 29.e5 Nf3+
30.Kg2 Nxe5 31.b3 Rc2 32.Ne4 Kg7 33.Ra7 Nd5 34.Nd6 Ne3+ 35.Kg1 Rd2 36.Ne8+ Kf8  0-1

[Event "DEN-ch"]
[Site "Ringsted"]
[Date "1995.??.??"]
[Round "2"]
[White "Danielsen, Henrik"]
[Black "Kristensen, Bjarke"]
[Result "1-0"]
[WhiteElo "2430"]
[BlackElo "2455"]

1.d4 Nf6 2.Nf3 g6 3.g3 Bg7 4.Bg2 O-O 5.c4 d6 6.Nc3 Nbd7 7.O-O e5 8.e4 exd4
9.Nxd4 Re8 10.h3 a6 11.Re1 Rb8 12.Rb1 Ne5 13.b3 c5 14.Nc2 b5 15.cxb5 axb5
16.f4 Nh5 17.Ne2 Nd7 18.g4 Nhf6 19.Ng3 Nb6 20.g5 Nfd7 21.Qxd6 Ra8 22.a3 Ra6
23.e5 Bf8 24.Qd2 Qc7 25.Bb2 c4 26.b4 Na4 27.Bd4 Rd8 28.Ne4 Re6 29.Qf2 Nb8
30.Nf6+ Rxf6 31.gxf6 Nc6 32.Rbc1 Bf5 33.Kh2 Nxd4 34.Nxd4 Qb6 35.Rcd1 Bd3
36.f5 Nc3 37.Rd2 Rxd4 38.e6 Qd6+ 39.Kg1 Rf4 40.Qa7 fxe6 41.fxe6 Rxf6 42.e7 Qg3
43.e8=Q Ne4 44.Rde2 Ng5 45.Kh1 Nxh3 46.Bd5+ Kh8 47.Qxf8+ Rxf8 48.Qd4+ Rf6
49.Qxf6+  1-0

[Event "DEN-ch"]
[Site "Ringsted"]
[Date "1995.??.??"]
[Round "7"]
[White "Kristensen, Bjarke"]
[Black "Kjeldsen, Jens"]
[Result "1/2-1/2"]
[WhiteElo "2455"]
[BlackElo "2410"]

1.d4 Nf6 2.Nf3 g6 3.g3 Bg7 4.Bg2 O-O 5.c4 d6 6.O-O Nbd7 7.Nc3 e5 8.h3 c6
9.Qc2 Re8 10.dxe5 dxe5 11.Be3 Qc7 12.Rad1 Nb6 13.b3 Bf5 14.Qc1 Rad8 15.Rxd8 Rxd8
16.Rd1  1/2-1/2

[Event "Salta Clarin op"]
[Site "Salta"]
[Date "1995.??.??"]
[Round "3"]
[White "Slipak, Sergio"]
[Black "Bass, Alfredo"]
[Result "1-0"]
[WhiteElo "2520"]
[BlackElo "2230"]

1.d4 Nf6 2.Nf3 g6 3.c4 Bg7 4.g3 O-O 5.Bg2 d6 6.Nc3 Nbd7 7.O-O e5 8.e4 c6
9.b3 Re8 10.h3 exd4 11.Nxd4 Nc5 12.Re1 Nfd7 13.Be3 a5 14.Qc2 h5 15.Rad1 Qf6
16.f4 Bh6 17.Nf3 Qe7 18.Bd4 Ne6 19.Bf2 Nec5 20.e5 dxe5 21.Nxe5 Nxe5 22.Rxe5 Ne6
23.Bc5 Qc7 24.Bd6 Qb6+ 25.c5 Qa7 26.f5 Ng7 27.fxg6 Rxe5 28.gxf7+ Kxf7 29.Bxe5 Qxc5+
30.Bd4 Be3+ 31.Bxe3 Qxe3+ 32.Kh2 Bf5 33.Ne4 Kg8 34.Qc4+ Be6 35.Nf6+ Kf7 36.Qf1 Ke7
37.Re1 Qh6 38.Ne4 h4 39.g4 Rf8 40.Qg1 Qf4+ 41.Kh1 Rd8 42.Qc5+ Kd7 43.Qd4+  1-0

[Event "San Luis Clarin GP"]
[Site "San Luis"]
[Date "1995.??.??"]
[Round "2"]
[White "Slipak, Sergio"]
[Black "Garcia, Raimundo"]
[Result "1-0"]
[WhiteElo "2450"]
[BlackElo "2385"]

1.d4 Nf6 2.c4 g6 3.Nf3 Bg7 4.g3 O-O 5.Bg2 d6 6.Nc3 Nbd7 7.O-O e5 8.e4 c6
9.b3 Qb6 10.d5 Nc5 11.Be3 Ng4 12.Bxc5 Qxc5 13.Na4 Qa5 14.dxc6 bxc6 15.Qxd6 Rd8
16.Qc5 Qc7 17.Qb4 Bf8 18.Qc3 f6 19.Rad1 Be6 20.Qc2 Nh6 21.Rxd8 Rxd8 22.Rd1 Nf7
23.Rxd8 Nxd8 24.c5 Qf7 25.Bf1 Nb7 26.Nd2 Bh6 27.Bc4 Bxc4 28.Nxc4 Qd7 29.b4 Bf8
30.Nab2 Nd8 31.Qd3 Qxd3 32.Nxd3 Kf7 33.f3 Ke8 34.Nc1 Kd7 35.Kf2 Ne6 36.Nb3 Be7
37.Ke3 Bd8 38.f4 exf4+ 39.gxf4 g5 40.f5 Nc7 41.Nd4 Na6 42.a3 Nb8 43.e5 fxe5
44.Nxe5+ Kc7 45.Ne6+  1-0

[Event "San Martin"]
[Site "San Martin"]
[Date "1995.??.??"]
[Round "6"]
[White "Ricardi, Pablo"]
[Black "Sorin, Ariel"]
[Result "1/2-1/2"]
[WhiteElo "2530"]
[BlackElo "2505"]

1.d4 Nf6 2.Nf3 g6 3.c4 Bg7 4.g3 O-O 5.Bg2 d6 6.O-O c6 7.Nc3 Bf5 8.Ne1 Qc8
9.e4 Bh3 10.f3 Bxg2 11.Kxg2 Nbd7 12.Be3 b5 13.cxb5 cxb5 14.Rc1 Qb7 15.Qe2 b4
16.Nb1 Rfc8 17.Rxc8+ Rxc8 18.Nd2 a5 19.Nd3 Ne8 20.Rc1 Rxc1 21.Nxc1 Nc7 22.Kf2 Nb8
23.Nc4  1/2-1/2

[Event "San Martin"]
[Site "San Martin"]
[Date "1995.??.??"]
[Round "12"]
[White "Scarella, Enrique"]
[Black "Sorin, Ariel"]
[Result "1/2-1/2"]
[WhiteElo "2380"]
[BlackElo "2505"]

1.d4 Nf6 2.Nf3 g6 3.g3 Bg7 4.Bg2 O-O 5.c4 d6 6.Nc3 Nc6 7.O-O a6 8.b3 Rb8
9.Bb2 b5 10.cxb5 axb5 11.Rc1 b4 12.Nb1 Bd7 13.Ne1 d5 14.e3 Ne4 15.Nd3 f5
16.Rc2 e6 17.f3 Nd6 18.Qd2 Rb6 19.Rfc1 Nb7 20.Qe1 Qa8 21.a3 bxa3 22.Bxa3 Rd8
23.Nb4 Nba5 24.Nxc6 Nxc6 25.b4 Bf8 26.Rb2 Rdb8 27.Bf1 Bd6 28.Qc3 Nxb4 29.Bxb4 Rxb4
30.Rxb4 Rxb4 31.Nd2 Qa2 32.Rc2 Qa8 33.f4 Bb5 34.Bxb5 Rxb5 35.Qd3 Qa4 36.Kg2 Rb6
37.Qc3 Rb4 38.Qd3 Qa1 39.Qe2 Rb2 40.Nf3 Rxc2 41.Qxc2 Qa8 42.Ng5 Qe8 43.Nf3 h6
44.Ne1 Qb5 45.Nd3 Qc4 46.Qb1 Kg7 47.Kf2 g5 48.Kg2 Qc3 49.Qd1 g4 50.Kf2 h5
51.Kg2 Be7 52.Qe2 Qb3 53.Qd2 Qb1 54.Qe2 h4 55.gxh4 Bxh4 56.Nc5 Kf7 57.Nd3 Be7
58.Qd2 Bd6 59.Qe2 Qa1 60.Qc2 Qa8 61.Kg3 Qh8 62.Nf2 Ke7 63.Kg2 Qa8 64.Nd3 Qa1
65.Qd2 Qb1 66.Qe2 Qb5 67.Kf2 Qc4 68.Qd2 Qa6 69.Kg2 Qa1 70.Qc2 Qa6 71.h3 Qc4
72.Qd2 gxh3+ 73.Kxh3 Qa6 74.Kg2 Qa8 75.Qf2 Qg8+ 76.Qg3 Qxg3+ 77.Kxg3 Kd7
78.Kf2 Kc6 79.Ke2 Kb5 80.Kd2 Kc4 81.Nb2+ Kb3 82.Nd3 Bb4+ 83.Ke2 Bd6 84.Kd2 c6
85.Nc1+ Kc4 86.Nd3  1/2-1/2

[Event "San Martin"]
[Site "San Martin"]
[Date "1995.??.??"]
[Round "13"]
[White "Nogueiras, Jesus"]
[Black "Valerga, Diego"]
[Result "1-0"]
[WhiteElo "2550"]
[BlackElo "2465"]

1.d4 Nf6 2.Nf3 d6 3.c4 g6 4.g3 Bg7 5.Bg2 O-O 6.Nc3 Nbd7 7.O-O e5 8.h3 exd4
9.Nxd4 Re8 10.e4 Nc5 11.Re1 Bd7 12.Rb1 h6 13.Kh2 Re5 14.f3 Ne6 15.Be3 Nxd4
16.Bxd4 Rh5 17.g4 Rg5 18.Qd2 Be6 19.Nd5 c6 20.f4 Nxg4+ 21.hxg4 Rxg4 22.Bxg7 Kxg7
23.Qc3+ f6 24.f5 cxd5 25.fxe6 dxc4 26.Rbd1 Rc8 27.Bh3 Rg5 28.e7 Qb6 29.Rf1 d5
30.Bxc8 Qc7+ 31.Kh1 Qxe7 32.Qf3 Rh5+ 33.Bh3 Rh4 34.Rxd5 g5 35.Kg2  1-0

[Event "San Sebastian op"]
[Site "San Sebastian"]
[Date "1995.??.??"]
[Round "8"]
[White "Acosta Garcia, Alfonso Carlos"]
[Black "Calvo, Jesus Maria"]
[Result "1-0"]
[WhiteElo "2270"]
[BlackElo "2315"]

1.d4 Nf6 2.Nf3 g6 3.c4 Bg7 4.g3 O-O 5.Bg2 d6 6.O-O Nbd7 7.Nc3 e5 8.e4 c6
9.h3 Re8 10.Re1 a5 11.b3 h6 12.Be3 exd4 13.Nxd4 Nc5 14.Qc2 Qe7 15.Rad1 Bd7
16.Bf4 g5 17.Nxc6 Bxc6 18.Bxd6 Qe6 19.Bxc5 Nd7 20.Bd4 Ne5 21.f4 gxf4 22.gxf4 Nd7
23.Bxg7 Kxg7 24.Nd5 Bxd5 25.cxd5 Qf6 26.Qf2 Rac8 27.Rc1 Rg8 28.Kh1 Kh8 29.e5 Qf5
30.Qh4 Qg6 31.Be4 Qg7 32.Rxc8 Rxc8 33.Rg1 Qf8 34.Qg4 Nc5 35.Bb1 Rc7 36.Qf5 f6
37.Rg6 Nd7 38.e6 Rc1+ 39.Kh2 Re1 40.exd7  1-0

[Event "Santa Cruz de la Palma op"]
[Site "Santa Cruz"]
[Date "1995.??.??"]
[Round "?"]
[White "Kurajica, Bojan"]
[Black "Strikovic, Aleksa"]
[Result "0-1"]
[WhiteElo "2585"]
[BlackElo "2485"]

1.d4 Nf6 2.Nf3 g6 3.g3 Bg7 4.Bg2 O-O 5.c4 d6 6.O-O c6 7.Nc3 Bf5 8.Ne1 e5
9.d5 cxd5 10.cxd5 Na6 11.e4 Bd7 12.Nd3 Rc8 13.Qb3 Qc7 14.Rd1 b6 15.a4 Nc5
16.Qa3 Nxd3 17.Rxd3 a6 18.Rd1 b5 19.axb5 axb5 20.Bd2 Qb8 21.Na2 Rc4 22.Bb4 Qb6
23.Nc3 Ng4 24.Rf1 f5 25.b3 Rd4 26.Ne2 Rxb4 27.Qxb4 f4 28.Qa5 Qxa5 29.Rxa5 f3
30.Bxf3 Rxf3 31.Ra7 Be8 32.b4 Nf6 33.Rc1 Nxe4 34.Rc8 Rf8 35.Re7 Bf7 36.Rxf8+ Bxf8
37.Rb7 Bxd5 38.Rxb5 Bc4  0-1

[Event "Sarospatak op"]
[Site "Sarospatak"]
[Date "1995.??.??"]
[Round "?"]
[White "Husek, Zdenek"]
[Black "Vadasz, Laszlo"]
[Result "0-1"]
[WhiteElo "2270"]
[BlackElo "2365"]

1.d4 g6 2.c4 Bg7 3.Nf3 Nf6 4.g3 O-O 5.Bg2 d6 6.O-O Nbd7 7.Nc3 e5 8.h3 a6
9.Bg5 h6 10.Be3 c6 11.Qd2 Kh7 12.Rfd1 e4 13.Nh2 d5 14.Ng4 Nxg4 15.hxg4 Nb6
16.b3 Bxg4 17.c5 Nd7 18.f3 exf3 19.exf3 Be6 20.Kf2 h5 21.Rh1 Kg8 22.Ne2 Re8
23.Nf4 Nf8 24.Rag1 b6 25.cxb6 Qxb6 26.Bf1 Bf5 27.Ne2 a5 28.Bh6 Qb4 29.g4 Qxd2
30.Bxd2 hxg4 31.fxg4 Bd3 32.Be3 a4 33.Nc3 Bxf1 34.Rxf1 axb3 35.axb3 Reb8
36.Rc1 Rxb3 37.Ne2 Re8 38.Rc3 Rxc3 39.Nxc3 Ne6 40.Ne2 Ra8 41.Rc1 Ra6 42.Rc2 Bf6
43.Ke1 Kg7 44.Kd2 Bg5 45.Rc3 Ra2+ 46.Kd3 Bxe3 47.Kxe3 Ra6 48.Nc1 c5 49.Rxc5 Nxc5
50.dxc5  0-1